| 000 | 01263cam a22002771ia4500 | ||
|---|---|---|---|
| 003 | SA-RiAUC | ||
| 005 | 20251002064530.0 | ||
| 008 | 250730s1968 ua g 00000 ara c | ||
| 040 |
_aSA-JeALM _bara _cSA-RiAUC _erda |
||
| 050 | 4 | _b.I26 1968 | |
| 082 | 0 | 4 |
_a251.6 _qSA-RiAUC |
| 090 |
_a251.6 _bا ب ن ع |
||
| 100 | 1 |
_aابن عبد السلام، عبد العزيز بن عبد السلام بن أبي القاسم، _d577-660 هجري _eمؤلف. |
|
| 245 | 1 | 0 |
_aقواعد الأحكام في مصالح الأنام / _cتأليف أبي محمد عبد العزيز بن عبد السلام ؛ مراجعة طه عبد الرؤوف سعد. |
| 264 | 1 |
_aالقاهرة : _bمكتبة الكليات الأزهرية، _c1968 |
|
| 300 |
_a2 مجلد (487 صفحة) ؛ _c24 سم |
||
| 336 |
_aنص _btxt _2rdacontent _3كتاب |
||
| 337 |
_aبدون وسيط _bn _2rdamedia |
||
| 338 |
_aمجلد _bnc _2rdacarrier |
||
| 500 | _aتوجد ملاحظات من الشيخ في داخل الكتاب. | ||
| 650 | 7 |
_aالقواعد الفقهية _2aucsh |
|
| 650 | 7 |
_aأصول الفقه الإسلامي _2aucsh |
|
| 700 | 1 |
_aسعد، طه عبد الرؤوف _eمراجع. |
|
| 942 |
_2ddc _cBOOK _n0 |
||
| 949 |
_aSA-JeALM _d250730 _umohamedma123 _n1 |
||
| 999 |
_c12321 _d12321 |
||